000 00432nab a2200145Ia 4500
003 ES-SlBCS
005 20210601130447.0
008 140529s1955 xxu||||| |||| 00| 0 fre d
041 _afre
100 1 _aDelfgaauw, Bernard
_927738
245 0 0 _aL'être humain comme être-question
_c Bernard Delfgaauw
650 0 4 _aHombre
_917522
773 0 _tGiornali di Metafisica
_gvol. 10, nº. 3, 1955, págs. 398-406
_w0017-0372
942 _cAR
999 _c547060
_d547060